[Event "AUTO-OPEN-2614"]
[Site "http://www.queenalice.com/game.php?id=1031061"]
[Date "2012.2.18"]
[Round "1"]
[White "andrevillares"]
[Black "joseantoniop5"]
[Result "0-1"]
[WhiteElo "1834"]
[BlackElo "1930"]

1. d4 d5 2. c4 c6 3. Nc3 e6 4. cxd5 cxd5 5. Nf3 Nf6 6. Bg5 Be7 7. e3 h6 8. Bxf6
Bxf6 9. Bd3 O-O 10. O-O Nc6 11. Rc1 Qc7 12. Bb1 e5 13. Nxd5 Qd8 14. Nxf6+ Qxf6
15. d5 Rd8 16. Qd3 Bf5 17. Qxf5 Ne7 18. Qxf6 gxf6 19. e4 Rd6 20. Rc7 Ng6 21.
Rxb7 Rb6 22. Rxb6 axb6 23. Rd1 Nf4 24. g3 Ne2+ 25. Kg2 Ra4 26. d6 Nd4 0-1

[Event "AUTO-OPEN-2626"]
[Site "http://www.queenalice.com/game.php?id=1035947"]
[Date "2012.3.4"]
[Round "1"]
[White "jahe"]
[Black "joseantoniop5"]
[Result "1-0"]
[WhiteElo "1860"]
[BlackElo "1951"]

1. e4 e5 2. f4 d6 3. Nf3 f6 4. Bb5+ c6 5. Bc4 Qe7 6. d3 Be6 7. Nbd2 Nd7 8. O-O
Nh6 9. fxe5 Nxe5 10. Nxe5 dxe5 11. Nb3 b5 12. Bxe6 Qxe6 13. Bxh6 gxh6 14. Qf3
O-O-O 15. Qxf6 Qxf6 16. Rxf6 Kb7 17. Na5+ Kb6 18. Nxc6 Rd6 19. Rxd6 Bxd6 20.
Nxe5 Bxe5 21. c3 h5 22. d4 Bf4 23. Rf1 Be3+ 24. Kh1 h4 25. Rf5 Re8 26. e5 Rg8
27. e6 h3 28. g3 Re8 29. d5 Bc5 30. Rh5 Rf8 31. Rxh3 Rf1+ 32. Kg2 Rf2+ 33. Kh1
Rxb2 34. Rxh7 Re2 35. Rh6 Rxa2 36. e7+ Ka5 37. e8=Q Ra1+ 38. Kg2 Rg1+ 39. Kh3
Ka4 40. Ra6+ 1-0

[Event "AUTO-OPEN-2626"]
[Site "http://www.queenalice.com/game.php?id=1035948"]
[Date "2012.3.4"]
[Round "1"]
[White "joseantoniop5"]
[Black "jahe"]
[Result "1-0"]
[WhiteElo "1903"]
[BlackElo "1850"]

1. e4 c5 2. c4 Nc6 3. Nc3 g6 4. d3 Bg7 5. Bd2 d6 6. Nf3 e6 7. Qa4 Ne7 8. Nb5 O-O
9. Bc3 a6 10. Na3 Bd7 11. Qb3 Na5 12. Qc2 b5 13. Bd2 b4 14. Nb1 Nac6 15. Be2 a5
16. Bg5 Qc7 17. O-O a4 18. a3 Nd4 19. Nxd4 Bxd4 20. Bxe7 Rfe8 21. axb4 cxb4 22.
Bg5 b3 23. Qd2 Qc5 24. Qf4 Bxb2 25. Nd2 Bxa1 26. Rxa1 b2 27. Rb1 a3 28. Qf6 e5
29. Bh6 1-0

[Event "AUTO-OPEN-2626"]
[Site "http://www.queenalice.com/game.php?id=1035971"]
[Date "2012.3.4"]
[Round "1"]
[White "joseantoniop5"]
[Black "Sigmund"]
[Result "1-0"]
[WhiteElo "1894"]
[BlackElo "1607"]

1. e3 e5 2. Nf3 Nc6 3. Nc3 Nf6 4. a3 d5 5. Bb5 Bd7 6. d4 e4 7. Ne5 Nxe5 8. Qe2
c6 9. Ba4 Bd6 10. b4 b5 11. Bb3 O-O 12. dxe5 Bxe5 13. Bb2 a5 14. f4 Bxc3+ 15.
Bxc3 c5 16. O-O c4 17. Ba2 a4 18. Bxf6 Qxf6 19. Rad1 Be6 20. Rb1 g6 21. Rbc1 Qb2
22. Bb1 Qxa3 23. c3 1-0

[Event "AUTO-OPEN-2626"]
[Site "http://www.queenalice.com/game.php?id=1035972"]
[Date "2012.3.4"]
[Round "1"]
[White "Sigmund"]
[Black "joseantoniop5"]
[Result "0-1"]
[WhiteElo "1607"]
[BlackElo "1882"]

1. d4 d5 2. Nf3 Nf6 3. Nc3 e6 4. Bd2 Nc6 5. e3 Bd6 6. Qe2 Nb4 7. O-O-O Bd7 8. a3
Na6 9. h3 O-O 10. g4 c5 11. e4 c4 12. e5 Bxa3 13. bxa3 b5 14. exf6 Qxf6 15. Bg2
Qe7 16. Nb1 Rac8 17. c3 b4 18. cxb4 Ba4 19. Rde1 Qf6 20. Ne5 h6 21. Nd7 Qxd4 22.
Bc3 Qf4+ 23. Bd2 Qb8 24. Nxb8 Rxb8 0-1

[Event "AUTO-OPEN-2626"]
[Site "http://www.queenalice.com/game.php?id=1035973"]
[Date "2012.3.4"]
[Round "1"]
[White "joseantoniop5"]
[Black "aormic"]
[Result "0-1"]
[WhiteElo "1970"]
[BlackElo "2322"]

1. e4 Nf6 2. d3 e5 3. Nf3 Nc6 4. c3 d5 5. Qa4 Bd6 6. Bg5 dxe4 7. dxe4 O-O 8. Bd3
Bg4 9. Be2 a6 10. h3 Bd7 11. Nbd2 Qe7 12. Nc4 b5 13. Qb3 bxc4 14. Bxc4 Na5 15.
Bxf7+ Rxf7 16. h4 Nxb3 17. axb3 Bc6 18. Nd2 Bc5 19. Ra5 h6 20. Bxf6 Rxf6 21. f3
Bb6 22. Ra1 Qc5 23. Kd1 Rd8 24. Rf1 Qe3 0-1

[Event "AUTO-OPEN-2626"]
[Site "http://www.queenalice.com/game.php?id=1035974"]
[Date "2012.3.4"]
[Round "1"]
[White "aormic"]
[Black "joseantoniop5"]
[Result "1-0"]
[WhiteElo "2317"]
[BlackElo "1904"]

1. e4 e5 2. Nf3 d6 3. d4 Nf6 4. dxe5 Nxe4 5. Bc4 Qe7 6. O-O Qd8 7. Qd5 Qd7 8.
Qxe4 Nc6 9. exd6+ Kd8 10. dxc7+ Qxc7 11. Rd1+ Bd7 12. Bf4 Qc8 13. Ng5 Ne7 14.
Nxf7+ Ke8 15. Nd6+ 1-0

[Event "Challenge"]
[Site "http://www.queenalice.com/game.php?id=1049365"]
[Date "2012.4.16"]
[Round "-"]
[White "theblackfox"]
[Black "joseantoniop5"]
[Result "1-0"]
[WhiteElo "1989"]
[BlackElo "1903"]

1. e4 e5 2. Nf3 d6 3. Nc3 Nf6 4. Bc4 Qe7 5. O-O Be6 6. d4 Nc6 7. Bg5 a6 8. d5
Bxd5 9. exd5 Nb4 10. a3 h6 11. Bh4 b5 12. axb4 bxc4 13. b5 a5 14. b4 Qd8 15.
bxa5 Qb8 16. a6 g5 17. Bg3 Qb6 18. h4 g4 19. Qe2 gxf3 20. Qxf3 1-0

[Event "AUTO-OPEN-2684"]
[Site "http://www.queenalice.com/game.php?id=1059074"]
[Date "2012.5.13"]
[Round "1"]
[White "joseantoniop5"]
[Black "paco78"]
[Result "0-1"]
[WhiteElo "1806"]
[BlackElo "1851"]

1. d4 d5 2. e3 Bf5 3. Nf3 h6 4. Bd3 Qd7 5. Nc3 e6 6. Nh4 Bxd3 7. Qxd3 a6 8. O-O
Be7 9. Re1 Bxh4 10. g3 Be7 0-1

[Event "AUTO-ADV-2503"]
[Site "http://www.queenalice.com/game.php?id=1059291"]
[Date "2012.5.13"]
[Round "1"]
[White "joseantoniop5"]
[Black "carloswecker"]
[Result "0-1"]
[WhiteElo "1838"]
[BlackElo "1952"]

1. d4 d5 2. e3 Nf6 3. Nc3 e6 4. Nf3 Be7 5. Bb5+ c6 6. Ba4 O-O 7. O-O b5 8. Bb3
a6 9. Ne5 Bb7 10. Qf3 Nbd7 11. Re1 c5 12. e4 c4 0-1

[Event "AUTO-ADV-2503"]
[Site "http://www.queenalice.com/game.php?id=1059292"]
[Date "2012.5.13"]
[Round "1"]
[White "carloswecker"]
[Black "joseantoniop5"]
[Result "1-0"]
[WhiteElo "1939"]
[BlackElo "1923"]

1. d4 d5 2. c4 c6 3. Nc3 Nf6 4. Nf3 e6 5. Bg5 Be7 6. e3 b6 7. cxd5 Nxd5 8. Bxe7
Qxe7 9. Nxd5 exd5 10. Ne5 f6 11. Nf3 Bg4 12. Be2 1-0